000 00625nam a2200229Ia 4500
001 44860
005 20240114003647.0
007 ta
008 090304s1969 a g b000 u 465 u
040 _aCotton College,Assam
041 _a465
082 _a330.954
_bSe 55 In
100 _aSen, Sunil Kumar .
245 0 _aEdmude Burke On Indian Economy /
_cSunil Kumar Sen.
_hTextual Documents
250 _a1st /
260 _aCalcutta :
_bProgressive Publishers ,
_c1969.
300 _axviii,220p. :
_bill. ;
_c22 cm. .
653 _aT/G-Economics
942 _2ddc
_cBK
999 _c44826
_d44826